Tabela Premier League 2014/2015 - Statystyki

Ogólne statystyki
  • Ten quiz został rozwiązany 153 razy
  • Średni wynik to 14 z 20
Statystyki odpowiedzi
# pkt bramki klub % Poprawnych
3 75 71-36 Arsenal
99%
1 87 73-32 Chelsea
99%
2 79 83-38 Manchester City
99%
4 70 62-37 Manchester United
99%
6 62 52-48 Liverpool
96%
5 64 58-53 Tottenham
94%
14 41 46-55 Leicester
82%
12 47 44-47 West Ham
76%
11 47 48-50 Everton
74%
15 39 40-63 Newcastle
71%
7 60 54-33 Southampton
71%
17 38 31-57 Aston Villa
69%
10 48 47-51 Crystal Palace
60%
16 38 31-53 Sunderland
58%
13 44 38-51 West Brom
57%
19 33 28-53 Burnley
55%
8 56 46-49 Swansea
50%
9 54 48-45 Stoke
44%
18 35 33-51 Hull
41%
20 30 42-73 Queens Park Rangers
19%
Nie znaleziono quizów pasujących do podanych kryteriów
Rozkład punktacji
Procent ludzi z każdym wynikiem
Percentyl według liczby udzielonych odpowiedzi
Twoja historia wyników
Nie rozwiązałeś tego quizu